[Event "2024 US National High School (K-12) Championship"]
[Site "Baltimore, Maryland, United States"]
[Date "2024.04.07"]
[Round "6.4"]
[White "Liu, Ethan"]
[Black "Huston, Gus"]
[Result "0-1"]
[TimeControl "G/90; d10"]
[BlackTitle "IM"]
[WhiteFideId "30982766"]
[BlackFideId "30909090"]
[WhiteElo "2125"]
[BlackElo "2460"]

1. e4 {[%clk 01:30:00]} {[%emt 00:00:09]} e6 {[%clk 01:26:24]} {[%emt
00:03:42]} 2. d4 {[%clk 01:30:00]} {[%emt 00:00:10]} d5 {[%clk 01:26:24]}
{[%emt 00:00:02]} 3. Nd2 {[%clk 01:30:00]} {[%emt 00:00:06]} c5 {[%clk
01:26:24]} {[%emt 00:00:03]} 4. exd5 {[%clk 01:29:54]} {[%emt 00:00:16]} Qxd5
{[%clk 01:26:24]} {[%emt 00:00:04]} 5. Ngf3 {[%clk 01:29:54]} {[%emt 00:00:05]}
cxd4 {[%clk 01:26:24]} {[%emt 00:00:07]} 6. Bc4 {[%clk 01:29:50]} {[%emt
00:00:13]} Qd6 {[%clk 01:26:24]} {[%emt 00:00:04]} 7. O-O {[%clk 01:29:33]}
{[%emt 00:00:26]} Nc6 {[%clk 01:25:58]} {[%emt 00:00:37]} 8. Nb3 {[%clk
01:29:14]} {[%emt 00:00:29]} a6 {[%clk 01:25:02]} {[%emt 00:01:05]} 9. Nbxd4
{[%clk 01:24:55]} {[%emt 00:04:29]} Nxd4 {[%clk 01:24:51]} {[%emt 00:00:22]} 10.
Nxd4 {[%clk 01:24:34]} {[%emt 00:00:31]} Qc7 {[%clk 01:24:51]} {[%emt
00:00:06]} 11. Be2 {[%clk 01:22:17]} {[%emt 00:02:27]} Bd6 {[%clk 01:24:51]}
{[%emt 00:00:09]} 12. h3 {[%clk 01:20:42]} {[%emt 00:01:46]} Ne7 {[%clk
01:24:51]} {[%emt 00:00:05]} 13. c4 {[%clk 01:14:11]} {[%emt 00:06:41]} O-O
{[%clk 01:24:51]} {[%emt 00:00:07]} 14. Be3 {[%clk 01:12:30]} {[%emt 00:01:51]}
e5 {[%clk 01:20:21]} {[%emt 00:04:40]} 15. Nb3 {[%clk 01:11:58]} {[%emt
00:00:42]} Nf5 {[%clk 01:19:37]} {[%emt 00:00:54]} 16. Bd2 {[%clk 01:08:35]}
{[%emt 00:03:34]} e4 {[%clk 01:15:19]} {[%emt 00:04:27]} 17. Qc2 {[%clk
01:05:08]} {[%emt 00:03:36]} Qe7 {[%clk 01:15:09]} {[%emt 00:00:21]} 18. Bc3
{[%clk 00:56:25]} {[%emt 00:08:53]} Nh4 {[%clk 01:07:33]} {[%emt 00:07:45]} 19.
Qd2 {[%clk 00:54:16]} {[%emt 00:02:20]} Rd8 {[%clk 01:06:54]} {[%emt 00:00:49]}
20. Qe3 {[%clk 00:53:26]} {[%emt 00:01:00]} Nf5 {[%clk 00:57:35]} {[%emt
00:09:29]} 21. Qc1 {[%clk 00:53:21]} {[%emt 00:00:15]} Bc7 {[%clk 00:49:07]}
{[%emt 00:08:37]} 22. c5 {[%clk 00:43:57]} {[%emt 00:09:35]} e3 {[%clk
00:43:41]} {[%emt 00:05:36]} 23. Bf3 {[%clk 00:33:11]} {[%emt 00:10:55]} Bf4
{[%clk 00:41:49]} {[%emt 00:02:02]} 24. Kh1 {[%clk 00:32:35]} {[%emt 00:00:47]}
Qg5 {[%clk 00:39:59]} {[%emt 00:02:00]} 25. g3 {[%clk 00:28:20]} {[%emt
00:04:25]} Nxg3+ {[%clk 00:39:36]} {[%emt 00:00:33]} 26. fxg3 {[%clk 00:27:43]}
{[%emt 00:00:47]} Qxg3 {[%clk 00:39:36]} {[%emt 00:00:02]} 27. Qc2 {[%clk
00:27:21]} {[%emt 00:00:32]} Rd2 {[%clk 00:39:36]} {[%emt 00:00:06]} 0-1

[Event "2024 US National High School (K-12) Championship"]
[Site "Baltimore, Maryland, United States"]
[Date "2024.04.07"]
[Round "6.5"]
[White "Luo, Terry"]
[Black "Park, Evan"]
[Result "1-0"]
[TimeControl "G/90; d10"]
[WhiteTitle "FM"]
[BlackTitle "IM"]
[WhiteFideId "30931045"]
[BlackFideId "30931142"]
[WhiteElo "2417"]
[BlackElo "2452"]

1. d4 {[%clk 01:30:00]} {[%emt 00:00:01]} Nf6 {[%clk 01:30:00]} {[%emt
00:00:08]} 2. c4 {[%clk 01:30:00]} {[%emt 00:00:05]} e6 {[%clk 01:30:00]}
{[%emt 00:00:07]} 3. Nf3 {[%clk 01:30:00]} {[%emt 00:00:05]} d5 {[%clk
01:30:00]} {[%emt 00:00:05]} 4. g3 {[%clk 01:30:00]} {[%emt 00:00:06]} Bd6
{[%clk 01:30:00]} {[%emt 00:00:06]} 5. Bg2 {[%clk 01:29:37]} {[%emt 00:00:28]}
O-O {[%clk 01:30:00]} {[%emt 00:00:01]} 6. O-O {[%clk 01:29:15]} {[%emt
00:00:17]} Nc6 {[%clk 01:30:00]} {[%emt 00:00:07]} 7. Qc2 {[%clk 01:27:25]}
{[%emt 00:02:00]} dxc4 {[%clk 01:28:23]} {[%emt 00:01:47]} 8. Qxc4 {[%clk
01:27:17]} {[%emt 00:00:18]} e5 {[%clk 01:28:23]} {[%emt 00:00:07]} 9. d5
{[%clk 01:23:07]} {[%emt 00:04:20]} Ne7 {[%clk 01:26:32]} {[%emt 00:02:00]} 10.
Nc3 {[%clk 01:23:07]} {[%emt 00:00:07]} a6 {[%clk 01:25:46]} {[%emt 00:00:56]}
11. e4 {[%clk 01:21:51]} {[%emt 00:01:23]} b5 {[%clk 01:25:46]} {[%emt
00:00:11]} 12. Qe2 {[%clk 01:21:49]} {[%emt 00:00:12]} b4 {[%clk 01:24:49]}
{[%emt 00:01:08]} 13. Nb1 {[%clk 01:19:15]} {[%emt 00:02:43]} c6 {[%clk
01:18:51]} {[%emt 00:06:08]} 14. dxc6 {[%clk 01:17:01]} {[%emt 00:02:24]} Nxc6
{[%clk 01:18:34]} {[%emt 00:00:27]} 15. Rd1 {[%clk 01:15:57]} {[%emt 00:01:15]}
Bg4 {[%clk 01:16:11]} {[%emt 00:02:33]} 16. Be3 {[%clk 01:09:54]} {[%emt
00:06:12]} Qe7 {[%clk 01:05:26]} {[%emt 00:10:55]} 17. Nbd2 {[%clk 01:09:08]}
{[%emt 00:00:57]} Bc5 {[%clk 01:03:22]} {[%emt 00:02:13]} 18. Bxc5 {[%clk
01:01:04]} {[%emt 00:08:14]} Qxc5 {[%clk 01:03:22]} {[%emt 00:00:02]} 19. Rac1
{[%clk 01:01:04]} {[%emt 00:00:05]} Qb6 {[%clk 01:00:40]} {[%emt 00:02:52]} 20.
Nc4 {[%clk 01:00:29]} {[%emt 00:00:45]} Qa7 {[%clk 00:59:21]} {[%emt 00:01:30]}
21. Qe3 {[%clk 00:58:17]} {[%emt 00:02:21]} Qxe3 {[%clk 00:47:29]} {[%emt
00:12:02]} 22. Nxe3 {[%clk 00:58:17]} {[%emt 00:00:11]} Bxf3 {[%clk 00:45:01]}
{[%emt 00:02:38]} 23. Bxf3 {[%clk 00:58:17]} {[%emt 00:00:04]} Nd4 {[%clk
00:42:09]} {[%emt 00:03:03]} 24. Kg2 {[%clk 00:58:14]} {[%emt 00:00:10]} g6
{[%clk 00:40:48]} {[%emt 00:01:33]} 25. Rc5 {[%clk 00:53:36]} {[%emt 00:04:48]}
Rfe8 {[%clk 00:24:04]} {[%emt 00:16:54]} 26. Nc4 {[%clk 00:49:20]} {[%emt
00:04:26]} Rad8 {[%clk 00:22:26]} {[%emt 00:01:48]} 27. Rxe5 {[%clk 00:41:05]}
{[%emt 00:08:24]} Nxf3 {[%clk 00:22:24]} {[%emt 00:00:12]} 28. Rxd8 {[%clk
00:41:05]} {[%emt 00:00:04]} Nh4+ {[%clk 00:21:22]} {[%emt 00:01:13]} 29. gxh4
{[%clk 00:40:39]} {[%emt 00:00:37]} Rxd8 {[%clk 00:21:22]} {[%emt 00:00:09]} 30.
b3 {[%clk 00:35:46]} {[%emt 00:05:03]} Rd1 {[%clk 00:19:01]} {[%emt 00:02:31]}
31. f3 {[%clk 00:34:11]} {[%emt 00:01:45]} Rc1 {[%clk 00:18:21]} {[%emt
00:00:49]} 32. Ra5 {[%clk 00:34:11]} {[%emt 00:00:05]} Rc2+ {[%clk 00:18:21]}
{[%emt 00:00:07]} 33. Kg1 {[%clk 00:34:07]} {[%emt 00:00:13]} Nh5 {[%clk
00:17:49]} {[%emt 00:00:43]} 34. Rxa6 {[%clk 00:32:36]} {[%emt 00:01:40]} Nf4
{[%clk 00:17:21]} {[%emt 00:00:37]} 35. Ne3 {[%clk 00:30:27]} {[%emt 00:02:20]}
Rc3 {[%clk 00:12:24]} {[%emt 00:05:07]} 36. Nd5 {[%clk 00:29:14]} {[%emt
00:01:23]} Nxd5 {[%clk 00:11:22]} {[%emt 00:01:12]} 37. exd5 {[%clk 00:29:14]}
Rxf3 {[%clk 00:11:22]} {[%emt 00:00:04]} 38. d6 {[%clk 00:28:30]} {[%emt
00:00:53]} Rd3 {[%clk 00:11:22]} {[%emt 00:00:05]} 39. Rb6 {[%clk 00:28:30]}
{[%emt 00:00:08]} Kg7 {[%clk 00:10:34]} {[%emt 00:00:57]} 40. Rxb4 {[%clk
00:28:24]} {[%emt 00:00:17]} Rxd6 {[%clk 00:10:34]} {[%emt 00:00:04]} 41. a4
{[%clk 00:27:44]} {[%emt 00:00:51]} Rd5 {[%clk 00:10:23]} {[%emt 00:00:20]} 42.
Rc4 {[%clk 00:25:08]} {[%emt 00:02:46]} f5 {[%clk 00:09:23]} {[%emt 00:01:09]}
43. Rc1 {[%clk 00:23:11]} {[%emt 00:02:08]} Rd2 {[%clk 00:09:23]} {[%emt
00:00:07]} 44. Ra1 {[%clk 00:22:50]} {[%emt 00:00:31]} Kf6 {[%clk 00:07:18]}
{[%emt 00:02:15]} 45. a5 {[%clk 00:22:50]} {[%emt 00:00:05]} Ke5 {[%clk
00:06:53]} {[%emt 00:00:33]} 46. a6 {[%clk 00:22:50]} {[%emt 00:00:04]} Rd8
{[%clk 00:06:53]} {[%emt 00:00:02]} 47. b4 {[%clk 00:22:23]} {[%emt 00:00:38]}
Rf8 {[%clk 00:06:25]} {[%emt 00:00:37]} 48. b5 {[%clk 00:22:00]} {[%emt
00:00:34]} Kd6 {[%clk 00:06:25]} {[%emt 00:00:04]} 49. b6 {[%clk 00:20:13]}
{[%emt 00:01:57]} Kc6 {[%clk 00:06:25]} {[%emt 00:00:03]} 50. Rb1 {[%clk
00:20:13]} {[%emt 00:00:03]} Kd5 {[%emt 00:01:37]} 1-0

[Event "2024 US National High School (K-12) Championship"]
[Site "Baltimore, Maryland, United States"]
[Date "2024.04.07"]
[Round "6.6"]
[White "Chasin, Nico Werner"]
[Black "Hernandez, Ronald"]
[Result "1/2-1/2"]
[TimeControl "G/90; d10"]
[WhiteTitle "IM"]
[WhiteFideId "30908477"]
[BlackFideId "3524310"]
[WhiteElo "2522"]
[BlackElo "2220"]

1. d4 {[%clk 01:24:23]} {[%emt 00:05:44]} Nf6 {[%clk 01:30:00]} {[%emt
00:00:10]} 2. c4 {[%clk 01:24:23]} {[%emt 00:00:05]} g6 {[%clk 01:30:00]}
{[%emt 00:00:10]} 3. Nc3 {[%clk 01:24:23]} {[%emt 00:00:01]} Bg7 {[%clk
01:30:00]} {[%emt 00:00:10]} 4. e4 {[%clk 01:24:23]} {[%emt 00:00:04]} d6
{[%clk 01:30:00]} {[%emt 00:00:10]} 5. Be2 {[%clk 01:24:23]} {[%emt 00:00:04]}
O-O {[%clk 01:30:00]} {[%emt 00:00:10]} 6. Be3 {[%clk 01:24:23]} {[%emt
00:00:02]} e5 {[%clk 01:29:46]} {[%emt 00:00:25]} 7. d5 {[%clk 01:24:23]}
{[%emt 00:00:04]} Na6 {[%clk 01:29:09]} {[%emt 00:00:48]} 8. g4 {[%clk
01:24:13]} {[%emt 00:00:20]} Nc5 {[%clk 01:28:59]} {[%emt 00:00:21]} 9. f3
{[%clk 01:24:13]} {[%emt 00:00:01]} a5 {[%clk 01:28:48]} {[%emt 00:00:21]} 10.
Nh3 {[%clk 01:24:13]} Ne8 {[%clk 01:26:10]} {[%emt 00:02:48]} 11. Nf2 {[%clk
01:23:53]} {[%emt 00:00:29]} f5 {[%clk 01:25:24]} {[%emt 00:00:56]} 12. gxf5
{[%clk 01:19:48]} {[%emt 00:04:14]} gxf5 {[%clk 01:25:24]} {[%emt 00:00:09]} 13.
Qd2 {[%clk 01:19:30]} {[%emt 00:00:27]} f4 {[%clk 01:23:15]} {[%emt 00:02:21]}
14. Bxc5 {[%clk 01:18:37]} {[%emt 00:01:03]} dxc5 {[%clk 01:23:15]} {[%emt
00:00:05]} 15. h4 {[%clk 01:16:16]} {[%emt 00:02:28]} Nd6 {[%clk 01:20:02]}
{[%emt 00:03:26]} 16. O-O-O {[%clk 01:14:42]} {[%emt 00:01:42]} Kh8 {[%clk
01:19:09]} {[%emt 00:01:04]} 17. Rdg1 {[%clk 01:11:06]} {[%emt 00:03:46]} Bf6
{[%clk 01:14:27]} {[%emt 00:04:53]} 18. Bf1 {[%clk 01:07:28]} {[%emt 00:03:44]}
Bd7 {[%clk 01:05:36]} {[%emt 00:09:05]} 19. a4 {[%clk 01:07:27]} {[%emt
00:00:11]} Qe7 {[%clk 01:02:33]} {[%emt 00:03:13]} 20. b3 {[%clk 01:07:13]}
{[%emt 00:00:24]} Rg8 {[%clk 01:01:18]} {[%emt 00:01:24]} 21. Rxg8+ {[%clk
01:03:50]} {[%emt 00:03:32]} Rxg8 {[%clk 01:01:18]} {[%emt 00:00:11]} 22. h5
{[%clk 01:03:12]} {[%emt 00:00:47]} Rg3 {[%clk 00:52:20]} {[%emt 00:09:09]} 23.
Qd3 {[%clk 01:02:06]} {[%emt 00:01:16]} Qf7 {[%clk 00:45:43]} {[%emt 00:06:47]}
24. Ne2 {[%clk 00:57:54]} {[%emt 00:04:20]} Rg5 {[%clk 00:42:08]} {[%emt
00:03:47]} 25. Qc3 {[%clk 00:57:54]} {[%emt 00:00:02]} b6 {[%emt 00:03:55]} 26.
Kc2 {[%emt 00:03:22]} Rxh5 {[%clk 00:35:13]} {[%emt 00:00:02]} 27. Rxh5 {[%clk
00:56:09]} {[%emt 00:01:54]} Qxh5 {[%clk 00:35:13]} {[%emt 00:00:06]} 28. Nxf4
{[%clk 00:55:39]} {[%emt 00:00:39]} Qh4 {[%clk 00:34:39]} {[%emt 00:00:45]} 29.
N4h3 {[%clk 00:53:32]} {[%emt 00:02:14]} Qg3 {[%clk 00:32:37]} {[%emt
00:02:15]} 30. Qe3 {[%clk 00:50:25]} {[%emt 00:03:17]} 1/2-1/2

[Event "2024 US National High School (K-12) Championship"]
[Site "Baltimore, Maryland, United States"]
[Date "2024.04.07"]
[Round "6.7"]
[White "Lu, Maximillian"]
[Black "Peterson, Ryan Harada"]
[Result "1-0"]
[TimeControl "G/90; d10"]
[WhiteTitle "IM"]
[WhiteFideId "2096242"]
[BlackFideId "30979692"]
[WhiteElo "2452"]
[BlackElo "2220"]

1. d4 {[%clk 01:30:00]} Nf6 {[%clk 01:30:00]} {[%emt 00:00:15]} 2. c4 {[%clk
01:30:00]} {[%emt 00:00:10]} g6 {[%clk 01:30:00]} {[%emt 00:00:19]} 3. g3
{[%clk 01:30:00]} {[%emt 00:00:03]} d5 {[%clk 01:29:59]} {[%emt 00:00:09]} 4.
cxd5 {[%clk 01:29:53]} {[%emt 00:00:14]} Nxd5 {[%clk 01:29:59]} {[%emt
00:00:03]} 5. Bg2 {[%clk 01:29:53]} {[%emt 00:00:02]} Bg7 {[%clk 01:29:59]}
{[%emt 00:00:01]} 6. e4 {[%clk 01:29:53]} Nb6 {[%clk 01:29:59]} {[%emt
00:00:07]} 7. Ne2 {[%clk 01:29:53]} {[%emt 00:00:02]} c5 {[%clk 01:29:37]}
{[%emt 00:00:32]} 8. d5 {[%clk 01:29:53]} {[%emt 00:00:08]} O-O {[%clk
01:28:52]} {[%emt 00:00:55]} 9. O-O {[%clk 01:29:53]} {[%emt 00:00:03]} e6
{[%clk 01:28:12]} {[%emt 00:00:50]} 10. Nec3 {[%clk 01:29:31]} {[%emt
00:00:31]} exd5 {[%clk 01:26:16]} {[%emt 00:02:07]} 11. exd5 {[%clk 01:29:31]}
{[%emt 00:00:02]} Bf5 {[%clk 01:23:55]} {[%emt 00:02:31]} 12. a4 {[%clk
01:26:33]} {[%emt 00:03:08]} Nc4 {[%clk 01:22:17]} {[%emt 00:01:48]} 13. Na3
{[%clk 01:24:57]} {[%emt 00:01:47]} Ne5 {[%clk 01:21:52]} {[%emt 00:00:34]} 14.
h3 {[%clk 01:20:18]} {[%emt 00:04:49]} h5 {[%clk 01:18:38]} {[%emt 00:03:24]}
15. Be3 {[%clk 01:13:38]} {[%emt 00:06:50]} Re8 {[%clk 01:08:52]} {[%emt
00:09:56]} 16. Kh2 {[%clk 01:08:49]} {[%emt 00:04:59]} Na6 {[%clk 00:59:24]}
{[%emt 00:09:38]} 17. Qd2 {[%clk 01:02:35]} {[%emt 00:06:24]} Rc8 {[%clk
00:50:03]} {[%emt 00:09:32]} 18. Ncb5 {[%clk 00:57:02]} {[%emt 00:05:42]} Nb4
{[%emt 00:18:37]} 19. Nxa7 {[%clk 00:51:42]} {[%emt 00:05:28]} Ra8 {[%clk
00:31:05]} {[%emt 00:00:44]} 20. N7b5 {[%clk 00:37:25]} {[%emt 00:14:27]} Rxa4
{[%clk 00:24:39]} {[%emt 00:06:36]} 21. b3 {[%clk 00:36:24]} {[%emt 00:01:11]}
Ra8 {[%clk 00:21:12]} {[%emt 00:03:37]} 22. Bxc5 {[%clk 00:35:34]} {[%emt
00:00:59]} Nbd3 {[%clk 00:19:48]} {[%emt 00:01:35]} 23. Bd4 {[%clk 00:34:11]}
{[%emt 00:01:33]} g5 {[%clk 00:14:58]} {[%emt 00:05:00]} 24. Nc4 {[%clk
00:25:25]} {[%emt 00:08:57]} Nxc4 {[%clk 00:10:46]} {[%emt 00:04:21]} 25. bxc4
{[%clk 00:24:55]} {[%emt 00:00:41]} Rxa1 {[%clk 00:09:42]} {[%emt 00:01:13]} 26.
Rxa1 {[%clk 00:20:54]} {[%emt 00:04:11]} h4 {[%clk 00:08:26]} {[%emt 00:01:27]}
27. Bxg7 {[%clk 00:19:03]} {[%emt 00:02:01]} Kxg7 {[%clk 00:08:08]} {[%emt
00:00:27]} 28. Ra3 {[%clk 00:18:52]} {[%emt 00:00:21]} hxg3+ {[%clk 00:06:50]}
{[%emt 00:01:28]} 29. fxg3 {[%clk 00:18:52]} {[%emt 00:00:08]} Ne1 {[%clk
00:06:42]} {[%emt 00:00:18]} 30. Re3 {[%clk 00:15:52]} {[%emt 00:03:10]} Nxg2
{[%clk 00:06:06]} {[%emt 00:00:47]} 31. Rxe8 {[%clk 00:11:48]} {[%emt
00:04:14]} Qxe8 {[%clk 00:06:06]} {[%emt 00:00:08]} 32. Nd6 {[%clk 00:11:48]}
{[%emt 00:00:07]} Qd7 {[%clk 00:05:04]} {[%emt 00:01:12]} 33. Qxg5+ {[%clk
00:07:19]} {[%emt 00:04:39]} Bg6 {[%clk 00:05:04]} {[%emt 00:00:09]} 34. c5
{[%clk 00:07:09]} {[%emt 00:00:20]} Qa4 {[%clk 00:03:21]} {[%emt 00:01:52]} 35.
Nf5+ {[%clk 00:03:48]} {[%emt 00:03:31]} Kg8 {[%clk 00:01:41]} {[%emt
00:01:51]} 36. Qd8+ {[%clk 00:02:01]} {[%emt 00:01:57]} Kh7 {[%clk 00:01:41]}
{[%emt 00:00:02]} 37. Qf6 {[%clk 00:02:01]} {[%emt 00:00:01]} Bxf5 {[%clk
00:01:37]} {[%emt 00:00:13]} 38. Qxf5+ {[%clk 00:01:51]} {[%emt 00:00:20]} Kg8
{[%clk 00:01:24]} {[%emt 00:00:23]} 39. Kxg2 {[%clk 00:01:51]} {[%emt
00:00:05]} Qa2+ {[%clk 00:01:24]} {[%emt 00:00:09]} 40. Kf1 {[%clk 00:01:29]}
{[%emt 00:00:32]} Qc4+ {[%clk 00:01:24]} {[%emt 00:00:05]} 41. Kg2 {[%clk
00:01:29]} {[%emt 00:00:06]} Qe2+ {[%clk 00:01:24]} {[%emt 00:00:10]} 42. Kg1
{[%clk 00:01:19]} {[%emt 00:00:19]} Qd1+ {[%clk 00:01:19]} {[%emt 00:00:16]} 43.
Kf2 {[%clk 00:01:19]} {[%emt 00:00:06]} Qd4+ {[%clk 00:01:19]} {[%emt
00:00:08]} 44. Kf3 {[%clk 00:01:19]} {[%emt 00:00:04]} Qxc5 {[%clk 00:01:14]}
{[%emt 00:00:15]} 45. Qe5 {[%clk 00:01:10]} {[%emt 00:00:19]} b5 {[%clk
00:01:00]} {[%emt 00:00:25]} 46. Qe8+ {[%clk 00:01:07]} {[%emt 00:00:12]} Kg7
{[%clk 00:01:00]} {[%emt 00:00:03]} 47. Qc6 {[%clk 00:01:07]} {[%emt 00:00:07]}
Qa3+ {[%clk 00:01:00]} {[%emt 00:00:08]} 48. Kg4 {[%clk 00:00:54]} {[%emt
00:00:23]} b4 {[%clk 00:00:50]} {[%emt 00:00:20]} 49. d6 {[%clk 00:00:46]}
{[%emt 00:00:18]} b3 {[%clk 00:00:25]} {[%emt 00:00:35]} 50. d7 {[%clk
00:00:28]} {[%emt 00:00:28]} Qb4+ {[%clk 00:00:25]} {[%emt 00:00:02]} 51. Kf3
{[%clk 00:00:28]} {[%emt 00:00:05]} Qe7 {[%clk 00:00:12]} {[%emt 00:00:22]} 52.
Qc3+ {[%clk 00:00:28]} {[%emt 00:00:09]} Kh7 {[%clk 00:00:12]} {[%emt
00:00:05]} 53. Qd3+ {[%clk 00:00:28]} {[%emt 00:00:01]} Kg7 {[%clk 00:00:11]}
{[%emt 00:00:11]} 54. d8=Q {[%clk 00:00:28]} {[%emt 00:00:02]} Qb7+ {[%clk
00:00:11]} {[%emt 00:00:03]} 55. Q8d5 {[%clk 00:00:28]} {[%emt 00:00:02]} 1-0

[Event "2024 US National High School (K-12) Championship"]
[Site "Baltimore, Maryland, United States"]
[Date "2024.04.07"]
[Round "6.8"]
[White "Clasby, Derek"]
[Black "Shuman, Nathaniel Lande"]
[Result "1-0"]
[TimeControl "G/90; d10"]
[WhiteFideId "30932300"]
[BlackFideId "30908116"]
[WhiteElo "2393"]
[BlackElo "2211"]

1. e4 {[%clk 01:30:00]} {[%emt 00:00:03]} c5 {[%clk 01:28:40]} {[%emt
00:01:29]} 2. Nf3 {[%clk 01:30:00]} {[%emt 00:00:10]} d6 {[%clk 01:28:40]}
{[%emt 00:00:02]} 3. Bb5+ {[%clk 01:29:43]} {[%emt 00:00:28]} Nd7 {[%clk
01:28:40]} {[%emt 00:00:09]} 4. O-O {[%clk 01:29:18]} {[%emt 00:00:35]} a6
{[%clk 01:28:40]} {[%emt 00:00:07]} 5. Bxd7+ {[%clk 01:29:18]} {[%emt
00:00:05]} Bxd7 {[%clk 01:28:40]} {[%emt 00:00:05]} 6. d4 {[%clk 01:28:19]}
{[%emt 00:01:09]} cxd4 {[%clk 01:28:40]} {[%emt 00:00:04]} 7. Qxd4 {[%clk
01:28:18]} {[%emt 00:00:11]} Rc8 {[%clk 01:28:40]} {[%emt 00:00:06]} 8. c4
{[%clk 01:27:29]} {[%emt 00:01:00]} e5 {[%clk 01:27:10]} {[%emt 00:01:39]} 9.
Qd3 {[%clk 01:27:19]} {[%emt 00:00:21]} b5 {[%clk 01:27:10]} {[%emt 00:00:10]}
10. Na3 {[%clk 01:25:26]} {[%emt 00:02:02]} Qb6 {[%clk 01:26:59]} {[%emt
00:00:21]} 11. cxb5 {[%clk 01:15:28]} {[%emt 00:10:08]} axb5 {[%clk 01:26:58]}
{[%emt 00:00:11]} 12. Be3 {[%clk 01:09:45]} {[%emt 00:05:54]} Qb7 {[%clk
01:26:57]} {[%emt 00:00:11]} 13. Nd2 {[%clk 01:00:18]} {[%emt 00:09:36]} Nf6
{[%clk 01:24:29]} {[%emt 00:02:37]} 14. Bg5 {[%clk 00:55:59]} {[%emt 00:04:30]}
Be7 {[%clk 01:12:09]} {[%emt 00:12:31]} 15. Bxf6 {[%clk 00:50:28]} {[%emt
00:05:40]} Bxf6 {[%clk 01:04:50]} {[%emt 00:07:29]} 16. Qxd6 {[%clk 00:48:46]}
{[%emt 00:01:51]} Qc6 {[%clk 01:03:00]} {[%emt 00:02:01]} 17. Qxc6 {[%clk
00:29:05]} {[%emt 00:19:52]} Bxc6 {[%clk 00:59:00]} {[%emt 00:04:09]} 18. Rfe1
{[%clk 00:28:32]} {[%emt 00:00:43]} Be7 {[%clk 00:52:09]} {[%emt 00:07:00]} 19.
Rac1 {[%clk 00:23:57]} {[%emt 00:04:46]} Bb4 {[%clk 00:49:19]} {[%emt
00:03:00]} 20. Re2 {[%clk 00:18:48]} {[%emt 00:05:19]} Ke7 {[%clk 00:44:33]}
{[%emt 00:04:55]} 21. Nb3 {[%clk 00:17:51]} {[%emt 00:01:08]} Bd7 {[%clk
00:36:00]} {[%emt 00:08:43]} 22. Nc2 {[%clk 00:14:45]} {[%emt 00:03:15]} Bc5
{[%clk 00:29:49]} {[%emt 00:06:22]} 23. Nxc5 {[%clk 00:12:16]} {[%emt
00:02:40]} Rxc5 {[%clk 00:29:49]} {[%emt 00:00:02]} 24. Rd1 {[%clk 00:11:40]}
{[%emt 00:00:46]} Be6 {[%clk 00:27:20]} {[%emt 00:02:39]} 25. b3 {[%clk
00:09:58]} {[%emt 00:01:52]} g6 {[%clk 00:21:38]} {[%emt 00:05:52]} 26. Nb4
{[%clk 00:09:48]} {[%emt 00:00:20]} f6 {[%clk 00:13:35]} {[%emt 00:08:13]} 27.
Red2 {[%clk 00:09:38]} {[%emt 00:00:19]} Rhc8 {[%clk 00:13:16]} {[%emt
00:00:30]} 28. Kf1 {[%clk 00:09:30]} {[%emt 00:00:18]} Rc1 {[%clk 00:11:42]}
{[%emt 00:01:44]} 29. Ke2 {[%clk 00:09:23]} {[%emt 00:00:17]} f5 {[%clk
00:10:31]} {[%emt 00:01:21]} 30. exf5 {[%clk 00:07:45]} {[%emt 00:01:48]} gxf5
{[%clk 00:10:13]} {[%emt 00:00:28]} 31. Rxc1 {[%clk 00:06:36]} {[%emt
00:01:19]} Rxc1 {[%clk 00:10:13]} {[%emt 00:00:02]} 32. Nd3 {[%clk 00:06:06]}
{[%emt 00:00:39]} Rh1 {[%clk 00:09:16]} {[%emt 00:01:07]} 33. Nxe5 {[%clk
00:05:57]} {[%emt 00:00:19]} Rxh2 {[%clk 00:09:16]} {[%emt 00:00:04]} 34. Kf3
{[%clk 00:05:14]} {[%emt 00:00:54]} Rh4 {[%clk 00:08:19]} {[%emt 00:01:07]} 35.
Rd4 {[%clk 00:04:48]} {[%emt 00:00:36]} Rxd4 {[%clk 00:03:33]} {[%emt
00:04:56]} 36. Nc6+ {[%clk 00:04:48]} {[%emt 00:00:03]} Kd6 {[%clk 00:02:56]}
{[%emt 00:00:47]} 37. Nxd4 {[%clk 00:04:48]} {[%emt 00:00:03]} Bd5+ {[%clk
00:02:56]} 38. Kg3 {[%clk 00:04:16]} {[%emt 00:00:43]} f4+ {[%clk 00:01:26]}
{[%emt 00:01:40]} 39. Kxf4 {[%clk 00:03:31]} {[%emt 00:00:55]} Kc5 {[%clk
00:01:20]} {[%emt 00:00:16]} 40. Nf3 {[%clk 00:02:54]} {[%emt 00:00:46]} Kb4
{[%clk 00:01:20]} {[%emt 00:00:02]} 41. g4 {[%clk 00:02:54]} {[%emt 00:00:07]}
Ka3 {[%clk 00:01:06]} {[%emt 00:00:24]} 42. Nd4 {[%clk 00:02:51]} {[%emt
00:00:14]} Kxa2 {[%clk 00:00:44]} {[%emt 00:00:32]} 43. Ke5 {[%clk 00:02:07]}
{[%emt 00:00:53]} Bxb3 {[%clk 00:00:26]} {[%emt 00:00:29]} 44. Nxb5 {[%clk
00:02:07]} {[%emt 00:00:03]} Bc4 {[%clk 00:00:16]} {[%emt 00:00:20]} 45. Nd6
{[%clk 00:02:07]} {[%emt 00:00:06]} Be2 {[%clk 00:00:16]} {[%emt 00:00:02]} 46.
g5 {[%clk 00:02:07]} {[%emt 00:00:06]} Bf3 {[%clk 00:00:02]} {[%emt 00:00:24]}
47. Ne4 {[%clk 00:02:01]} {[%emt 00:00:16]} Kb2 {[%clk 00:00:01]} {[%emt
00:00:11]} 48. Nf6 {[%clk 00:01:54]} {[%emt 00:00:16]} Kc3 {[%clk 00:00:01]}
{[%emt 00:00:02]} 49. Nxh7 {[%clk 00:01:54]} {[%emt 00:00:07]} Kd2 {[%clk
00:00:01]} {[%emt 00:00:02]} 50. g6 {[%clk 00:01:54]} {[%emt 00:00:05]} Bh5
{[%clk 00:00:01]} {[%emt 00:00:11]} 51. g7 {[%clk 00:01:54]} {[%emt 00:00:10]}
Bf7 {[%clk 00:00:01]} {[%emt 00:00:01]} 52. Ng5 {[%clk 00:01:54]} {[%emt
00:00:04]} Bg8 {[%clk 00:00:01]} {[%emt 00:00:02]} 53. f4 {[%clk 00:01:54]}
{[%emt 00:00:08]} 1-0